000 00488nam a2200157 i 4500
001 28395
003 ES-MaACL
007 t|
008 030117s1883 ddr ||||1| fre d
100 1 _aBaedeker, Karl.
_924575
245 1 0 _aItalie
_b: Italie centrale y compris Rome et ses environs : manuel du voyageur /
_cpar Karl Baedeker.
250 _a7eme ed.
260 _aLeipzig :
_bKarl Baedeker,
_c1883.
300 _aXL, 442 p. :
_b30 plan., 8 map. ;
_c16 cm.
852 _aES-MaACL
_jG-13719
999 _c28395
_d28395